| 000 | 00570nam a22001937a 4500 | ||
|---|---|---|---|
| 003 | OSt | ||
| 005 | 20140310182335.0 | ||
| 008 | 130312t xxu||||| |||| 00| 0 eng d | ||
| 020 | _a0865923957 | ||
| 050 |
_aBJ 1857.C5 _b.G65 1989 |
||
| 082 |
_aGS 395.122 _bG65 1989 |
||
| 100 |
_aGoley, Elaine P. _921119 |
||
| 245 |
_aLearn the value of manners / _cElaine P. Goley. |
||
| 260 |
_aVero Beach, FL : _bRourke Enterprises, _c1989. |
||
| 300 |
_a32 p. : _c27 cm. _bcol. ill. ; |
||
| 650 |
_aEtiquette for children and youth. _921348 |
||
| 942 |
_2lcc _cBK-GS |
||
| 999 |
_c12054 _d12054 |
||